| 000 | 00746nam a22002177a 4500 | ||
|---|---|---|---|
| 003 | DO-CoUTE | ||
| 005 | 20230609120621.0 | ||
| 008 | 230607b dr ||||| |||| 00| 0 spa d | ||
| 020 | _a968-44-457-5 | ||
| 040 |
_aDO-CoUTE _bspa _cDO-CoUTE |
||
| 082 |
_222 _a658.3 K23a 2000 |
||
| 100 | 1 |
_aKaye, Beverly _eautor |
|
| 245 | 1 | 0 |
_aAmelos o piérdalos : _bComo lograr que los mejores empleados se queden en su empresa / _cBeverly Kaye, Sharon Jordan-Evans |
| 250 | _aPrimera edición | ||
| 260 |
_aMéxico : _bPrentice Hall, _c2000 |
||
| 300 |
_a256 páginas : _bIlustraciones ; _c17x23cm |
||
| 504 | _aIncluye referencia bibliográfica e índice | ||
| 650 | 4 | _aAdministración de personal | |
| 700 | 1 | _aJordan-Evans, Sharon | |
| 942 |
_2ddc _cBK |
||
| 999 |
_c22707 _d22707 |
||